000 00471nab a2200145Ia 4500
003 ES-SlBCS
005 20210601125304.0
008 140529s1999 xxu||||| |||| 00| 0 eng d
041 _aeng
100 1 _aRosenberg, Alex
_9132952
245 0 0 _aNaturalistic Epistemology for Eliminative Materialists
_c Alex Rosenberg
650 0 4 _aEpistemología Natural
_9133065
773 0 _tPhilosophy and Phenomenological Research
_gvol. 59, 1999, págs. 335-358
_wRev1411
942 _cAR
999 _c527876
_d527876